000
00293nam a22001337a 4500
008
181022b xxu||||| |||| 00| 0 eng d
020
_a
9780395744154
041
_a
eng
080
_2
5th
_a
540
100
_a
12
101
_a
KIM
245
_a
General Chemistry
_c
Ebbing,D.D
942
_2
udc
_c
BK
999
_c
50474
_d
50474